[Event "Rhein Main op-B 14th"]
[Site "Bad Homburg"]
[Date "2011.06.25"]
[Round "6"]
[White "Vogel, Wilfrid"]
[Black "Wiewesiek, Timo"]
[Result "1-0"]
[WhiteElo "1850"]
[BlackElo "1645"]
[PlyCount "69"]
[EventDate "2011.06.22"]
[EventType "swiss"]
[EventRounds "7"]
[EventCountry "GER"]
[SourceTitle "EXT 2012"]
[Source "ChessBase"]
[SourceDate "2011.11.24"]
[SourceVersion "1"]
[SourceVersionDate "2011.11.24"]
[SourceQuality "1"]

1. d4 e6 2. c4 Nf6 3. Nc3 d5 4. Nf3 Be7 5. e3 0-0 6. Bd3 b6 7. cxd5 exd5 8. 0-0 Bb7 9. a3 c5 10. Bd2 Nc6 11. Rc1 Re8 12. Ne2 Ne4 13. Ng3 Bd6 14. Bc3 Bxg3 15. hxg3 c4 16. Bb1 b5 17. Nd2 Nxc3 18. bxc3 Ne7 19. Bc2 a5 20. Rb1 Ba6 21. Re1 Rb8 22. Nf3 Qd6 23. Qc1 b4 24. axb4 axb4 25. cxb4 Rxb4 26. Qa3 Reb8 27. Rxb4 Rxb4 28. Ra1 Rb6 29. Qa4 Bb5 30. Qa7 Nc8 31. Qa8 Qc6 32. Qa5 h6 33. Ne5 Qb7 34. Bf5 Ne7 35. Qxb6 1-0

[Event "Rhein Main op-B 14th"]
[Site "Bad Homburg"]
[Date "2011.06.24"]
[Round "4"]
[White "Vogel, Wilfrid"]
[Black "Koestler, Peter"]
[Result "0-1"]
[WhiteElo "1850"]
[BlackElo "1937"]
[PlyCount "44"]
[EventDate "2011.06.22"]
[EventType "swiss"]
[EventRounds "7"]
[EventCountry "GER"]
[SourceTitle "EXT 2012"]
[Source "ChessBase"]
[SourceDate "2011.11.24"]
[SourceVersion "1"]
[SourceVersionDate "2011.11.24"]
[SourceQuality "1"]

1. d4 Nf6 2. c4 e5 3. d5 Bc5 4. Nc3 d6 5. e4 Ng4 6. Nh3 0-0 7. Be2 Qh4 8. Bg5 Bxf2+ 9. Kd2 Qh5 10. Rf1 Bb6 11. Kd3 Na6 12. Rf3 h6 13. Be3 Nb4+ 14. Kd2 Nxe3 15. Rxe3 Bxe3+ 16. Kxe3 Qh4 17. a3 Na6 18. b4 f5 19. Bf3 fxe4 20. Nxe4 Bxh3 21. gxh3 Qf4+ 22. Kf2 Qxe4 0-1

[Event "GER-ch Seniors 22nd"]
[Site "Berlin"]
[Date "2010.08.22"]
[Round "7"]
[White "Fiedler, Ronald"]
[Black "Vogel, Wilfrid"]
[Result "0-1"]
[WhiteElo "1477"]
[BlackElo "1681"]
[PlyCount "104"]
[EventDate "2010.08.16"]
[EventType "swiss"]
[EventRounds "9"]
[EventCountry "GER"]
[SourceTitle "CBM 138 Extra"]
[Source "ChessBase"]
[SourceDate "2010.10.29"]
[SourceVersion "1"]
[SourceVersionDate "2010.10.29"]
[SourceQuality "1"]

1. d4 d5 2. c4 c6 3. cxd5 cxd5 4. Nc3 e6 5. Bf4 Nf6 6. e3 Nc6 7. Bd3 Bb4 8. Qc2 0-0 9. Nf3 h6 10. 0-0 a6 11. a3 Bd6 12. Bxd6 Qxd6 13. Na4 Nd7 14. Rac1 e5 15. dxe5 Ndxe5 16. Nxe5 Nxe5 17. Be2 Bd7 18. Qc5 Qg6 19. Nb6 Bh3 20. g3 Bxf1 21. Kxf1 Rad8 22. Qd4 Nc6 23. Qd1 d4 24. Bd3 Qf6 25. e4 Ne5 26. Nd5 Qe6 27. Nf4 Qd7 28. Kg2 Rc8 29. Rxc8 Rxc8 30. Nd5 f5 31. Qb3 Kh8 32. Nb6 Qc6 33. Nxc8 Qxc8 34. exf5 Qc6+ 35. Kh3 Qf3 36. Bc2 Qxf2 37. Qxb7 Qf1+ 38. Qg2 Qxg2+ 39. Kxg2 d3 40. Bxd3 Nxd3 41. b4 Ne1+ 42. Kf2 Nc2 43. Ke2 Nxa3 44. Kd3 Kg8 45. g4 Kf7 46. h4 Kf6 47. Kd4 Nc2+ 48. Kc4 Nxb4 49. Kxb4 h5 50. gxh5 Kxf5 51. Ka5 Kg4 52. h6 gxh6 0-1

[Event "Rhein Main op 12th"]
[Site "Bad Homburg"]
[Date "2009.06.14"]
[Round "7"]
[White "Vogel, Wilfrid"]
[Black "Biegel, Thomas"]
[Result "0-1"]
[WhiteElo "1673"]
[BlackElo "2017"]
[PlyCount "72"]
[EventDate "2009.06.10"]
[EventType "swiss"]
[EventRounds "7"]
[EventCountry "GER"]
[SourceTitle "CBM 131 Extra"]
[Source "ChessBase"]
[SourceDate "2009.09.03"]
[SourceVersion "2"]
[SourceVersionDate "2009.09.16"]
[SourceQuality "1"]

1. d4 d5 2. c4 c6 3. Nc3 Nf6 4. Nf3 dxc4 5. a4 Na6 6. e4 Bg4 7. Bxc4 Bxf3 8. gxf3 Nb4 9. Qb3 e6 10. Be3 Qa5 11. 0-0 Qh5 12. Be2 a5 13. Kh1 g6 14. Rg1 h6 15. Rad1 Rd8 16. f4 Qh4 17. Rg3 h5 18. Bf1 Ng4 19. Rg2 Bg7 20. e5 0-0 21. Ne2 Rd7 22. f3 Nxe3 23. Qxe3 Bh6 24. Rg3 Nd5 25. Qg1 Nxf4 26. Nxf4 Bxf4 27. Rh3 Qg5 28. Be2 Qxg1+ 29. Rxg1 Rxd4 30. Rxh5 Kg7 31. Rg4 Rh8 32. Rxh8 Kxh8 33. Kg2 Rxa4 34. b3 Rb4 35. Bc4 Bxe5 36. Rg5 Bc7 0-1

[Event "Rhein Main op 12th"]
[Site "Bad Homburg"]
[Date "2009.06.13"]
[Round "6"]
[White "Winterberg, Lukas"]
[Black "Vogel, Wilfrid"]
[Result "1-0"]
[WhiteElo "1925"]
[BlackElo "1673"]
[PlyCount "59"]
[EventDate "2009.06.10"]
[EventType "swiss"]
[EventRounds "7"]
[EventCountry "GER"]
[SourceTitle "CBM 131 Extra"]
[Source "ChessBase"]
[SourceDate "2009.09.03"]
[SourceVersion "2"]
[SourceVersionDate "2009.09.16"]
[SourceQuality "1"]

1. e4 c5 2. Nc3 d6 3. f4 e6 4. Nf3 a6 5. a4 b6 6. d4 cxd4 7. Nxd4 Be7 8. Be2 Bb7 9. 0-0 Nf6 10. Bf3 Nbd7 11. Qe1 Qc7 12. Kh1 0-0 13. g4 Qc4 14. Be3 d5 15. e5 Ne4 16. Be2 Qc7 17. Nxe4 dxe4 18. Qg3 Bc5 19. c3 Rac8 20. Rad1 Rfd8 21. h4 Nf8 22. h5 Qe7 23. b4 Bxd4 24. Bxd4 b5 25. axb5 axb5 26. Bxb5 Rxd4 27. Rxd4 Rxc3 28. Qxc3 e3+ 29. Kg1 e2 30. Bxe2 1-0

[Event "Rhein Main op 12th"]
[Site "Bad Homburg"]
[Date "2009.06.12"]
[Round "4"]
[White "Hoffmann, Frank"]
[Black "Vogel, Wilfrid"]
[Result "1/2-1/2"]
[WhiteElo "1430"]
[BlackElo "1673"]
[PlyCount "69"]
[EventDate "2009.06.10"]
[EventType "swiss"]
[EventRounds "7"]
[EventCountry "GER"]
[SourceTitle "CBM 131 Extra"]
[Source "ChessBase"]
[SourceDate "2009.09.03"]
[SourceVersion "2"]
[SourceVersionDate "2009.09.16"]
[SourceQuality "1"]

1. e4 c5 2. Nf3 d6 3. d3 Nc6 4. g3 Nf6 5. Bg2 Bg4 6. 0-0 Qd7 7. Qe1 h5 8. h4 Ne5 9. Nbd2 Nh7 10. Nxe5 dxe5 11. Nc4 f6 12. f3 Be6 13. Kf2 Bxc4 14. dxc4 Qd4+ 15. Qe3 Qxc4 16. Qe2 Qxe2+ 17. Kxe2 g5 18. Rh1 Bg7 19. Be3 b6 20. Rad1 Rd8 21. Rd3 Rxd3 22. Kxd3 gxh4 23. Rxh4 Nf8 24. Rh1 Ng6 25. Bf2 e6 26. Bh3 Kf7 27. Kc4 Rd8 28. Be3 a6 29. a4 Ne7 30. c3 Nc6 31. b4 Bf8 32. bxc5 bxc5 33. Bxc5 Bxc5 34. Kxc5 Ne7 35. Bf1 1/2-1/2

[Event "Rhein Main op 11th"]
[Site "Bad Homburg"]
[Date "2008.05.23"]
[Round "4"]
[White "Ross, Norbert"]
[Black "Vogel, Wilfrid"]
[Result "1/2-1/2"]
[WhiteElo "1447"]
[BlackElo "1717"]
[PlyCount "77"]
[EventDate "2008.05.21"]
[EventType "swiss"]
[EventRounds "7"]
[EventCountry "GER"]
[SourceTitle "CBM 124 Extra"]
[Source "ChessBase"]
[SourceDate "2008.07.03"]
[SourceVersion "1"]
[SourceVersionDate "2008.07.03"]
[SourceQuality "1"]

1. d4 Nf6 2. c4 g6 3. Nc3 Bg7 4. e4 0-0 5. Nf3 d6 6. Be2 Nbd7 7. Bg5 b6 8. Rb1 Bb7 9. Qc2 Rc8 10. b4 h6 11. Be3 Ng4 12. Bd2 c5 13. d5 cxb4 14. Rxb4 Kh7 15. Nb5 a6 16. Nbd4 Nge5 17. 0-0 a5 18. Rbb1 Ba6 19. Nxe5 Nxe5 20. Nb5 Qd7 21. Qb3 f5 22. f3 f4 23. Rfc1 g5 24. Na3 b5 25. Bxa5 bxc4 26. Nxc4 Bxc4 27. Bxc4 g4 28. Be2 gxf3 29. Bxf3 Rxc1+ 30. Rxc1 Nxf3+ 31. Qxf3 Qa7+ 32. Qf2 Qxa5 33. h3 Ra8 34. Qxf4 Qxa2 35. Qf5+ Kg8 36. Qe6+ Kh8 37. Rc8+ Rxc8 38. Qxc8+ Kh7 39. Qf5+ 1/2-1/2

[Event "Rhein Main op 11th"]
[Site "Bad Homburg"]
[Date "2008.05.22"]
[Round "2"]
[White "Waffenschmidt, Joachim"]
[Black "Vogel, Wilfrid"]
[Result "1/2-1/2"]
[WhiteElo "2102"]
[BlackElo "1717"]
[PlyCount "104"]
[EventDate "2008.05.21"]
[EventType "swiss"]
[EventRounds "7"]
[EventCountry "GER"]
[SourceTitle "CBM 124 Extra"]
[Source "ChessBase"]
[SourceDate "2008.07.03"]
[SourceVersion "1"]
[SourceVersionDate "2008.07.03"]
[SourceQuality "1"]

1. d4 d5 2. c4 e6 3. Nc3 Nf6 4. Bg5 Be7 5. e3 0-0 6. Nf3 c6 7. Rc1 Nbd7 8. Bd3 dxc4 9. Bxc4 h6 10. Bh4 b5 11. Bd3 b4 12. Na4 Qa5 13. 0-0 Ba6 14. Bxa6 Qxa6 15. Qb3 Qb5 16. Rc4 a5 17. Rfc1 Rac8 18. Qc2 Nb8 19. Ne5 Nd5 20. Bxe7 Nxe7 21. Rc5 Qa6 22. Qc4 Qa7 23. g4 Rfd8 24. h4 Rd5 25. g5 hxg5 26. hxg5 Nd7 27. Nxd7 Qxd7 28. Nb6 Qb7 29. Nxc8 Qxc8 30. e4 Rd8 31. g6 Nxg6 32. Rxc6 Qd7 33. Rc8 Rf8 34. Rxf8+ Nxf8 35. Qc5 Qd8 36. Kg2 Qh4 37. Qe5 Qg4+ 38. Kf1 f6 39. Qg3 Qxe4 40. Rc7 Qb1+ 41. Kg2 Qe4+ 42. Kh2 Qh7+ 43. Qh3 Qe4 44. Qg2 Qh7+ 45. Qh3 Qe4 46. Qe3 Qh7+ 47. Kg2 Qg6+ 48. Qg3 Qe4+ 49. f3 Qe2+ 50. Qf2 Qd3 51. Ra7 Ng6 52. Ra8+ Kf7 1/2-1/2

[Event "GER Seniors Derby 06th"]
[Site "Wesel Undeloh"]
[Date "2007.04.12"]
[Round "1.21"]
[White "Vogel, Wilfrid"]
[Black "Sirvent, Ricardo"]
[Result "0-1"]
[WhiteElo "1722"]
[BlackElo "1808"]
[PlyCount "96"]
[EventDate "2007.04.12"]
[EventType "swiss"]
[EventRounds "7"]
[EventCountry "GER"]
[SourceTitle "EXT 2022"]
[Source "ChessBase"]
[SourceDate "2021.10.06"]
[SourceVersion "1"]
[SourceVersionDate "2021.10.06"]
[SourceQuality "1"]

1. d4 d5 2. c4 dxc4 3. e3 e6 4. Bxc4 c5 5. Nf3 cxd4 6. Nxd4 Nf6 7. 0-0 Bc5 8. Nb3 Qxd1 9. Rxd1 Be7 10. Nc3 a6 11. a4 0-0 12. e4 Nc6 13. h3 Bd7 14. Bg5 Rfd8 15. Nd2 Ne8 16. Be3 Nb4 17. Bb6 Rdc8 18. Bb3 Bc5 19. Nc4 Nf6 20. Rd2 Rc6 21. Bxc5 Rxc5 22. Nb6 Rd8 23. Rad1 Rc7 24. e5 Nfd5 25. Ncxd5 exd5 26. Nxd5 Nxd5 27. Rxd5 Kf8 28. a5 Ke7 29. f4 Rdc8 30. Rd6 Bb5 31. e6 f6 32. f5 Rc1 33. R6d2 Rxd1+ 34. Rxd1 Rc5 35. g4 Bc6 36. Ra1 Rb5 37. Ba4 Rxa5 38. b3 b5 39. Rc1 bxa4 40. Rxc6 axb3 41. Rc7+ Kd8 42. Rb7 Rb5 43. Rd7+ Ke8 44. Rd1 a5 45. Kf2 a4 46. Ke3 a3 47. Kd4 b2 48. Kc4 b1Q 0-1